Landen op Basis van Eerste en Laatste Letter - 2 - Statistieken

Algemene statistieken
  • Deze quiz is 81 keer genomen
  • De gemiddelde score is 11 van 16
Antwoordstatistieken
Hint Antwoord Hint % Correct
R Roemenië Ë
96%
H Honduras S
84%
T Tuvalu U
84%
Z Zimbabwe E
82%
P Peru U
73%
O Oostenrijk K
71%
I Irak K
67%
C Chili I
65%
K Koeweit T
65%
N Niger R
65%
N Noorwegen N
61%
J Jemen N
59%
V Vaticaanstad D
57%
Z Zwitserland D
57%
I Israel L
51%
B Burkina Faso O
22%
Geen overeenkomende quizzen gevonden
Scoreverdeling
Procent van Mensen met Elke Score
Percentiel versus Aantal Correcte Antwoorden
Uw Scoregeschiedenis
U heeft deze quiz nog niet genomen